Normal view
MARC view
- Sial Hamza Ahmad
Entry Personal Name
001 - CONTROL NUMBER
- control field: 24261
003 - CONTROL NUMBER IDENTIFIER
- control field: NUST
005 - DATE AND TIME OF LATEST TRANSACTION
- control field: 20191017153030.0
008 - FIXED-LENGTH DATA ELEMENTS
- fixed length control field: 191017|| aca||aabn | a|a d
040 ## - CATALOGING SOURCE
- Original cataloging agency: NUST
- Transcribing agency: NUST
100 ## - HEADING--PERSONAL NAME
- Personal name: Sial Hamza Ahmad
670 ## - SOURCE DATA FOUND
- Source citation: Work cat.: (NUST): Sial Hamza Ahmad , MS/Thesis:Throughput Analysis in Heterogeneous Networks Using Soft Frequency Reuse , 2018
